00563nam a2200169 i 450000100060000000300090000600500170001500700030003200800410003510000200007624500580009626000330015430000370018785200310022499900170025595201210027275382ES-MaACL20230906172430.0t|040924s1961 sp ||||1| spa d1 aGras, J.95967710aFundamentos de bioquímica médica / cpor J. Gras. aBarcelona : bToray, c1961. aXVIII, 302 p. : bil. ; c22 cm. aES-MaACLjF-6280 bR.47901 c75382d75382 00104070aATENEOMbATENEOMcDEPO2d2008-01-17eSCl0oF-6280p1078898r2023-02-23 00:00:00w2023-02-23yMONOGRAFIA